000 01076nac a22003257a 4500
001 BR8003606
003 BR-BrBNA
005 20240105114722.0
008 230509b bl.|||m| |||| 00| 0 por d
040 _aBR-BrBNA
_bpor
_cBiblioteca Nacional de Agricultura
072 _aL10; L00
090 _a5250 BR8003606
100 1 _aFigueiredo, E.A.P. de Simplicio, A.A.
100 1 _aLima, F. de A. de M.
100 1 _aRiera, G.S.
110 1 _aCentro Nacional de Pesquisa de Caprinos, Sobral, CE (Brasil)
_91759
245 1 _aMortalidade de caprinos em sistema tradicional de manejo na regiao Nordeste [Nascimento; Reproducao animal; Brasil]
260 3 _aSobral, CE (Brasil):
_c1980.
300 _a4 p.
490 _aComunicado Tecnico - Centro Nacional de Pesquisa de Caprinos (Brazil)
_vno. 6
_x
650 _aCAPRINO
650 _aPARTO
650 _aREPRODUCAO ANIMAL
650 _aMANEJO
650 _aRENDIMENTO
650 _aMORTALIDADE ANIMAL
650 _aREGIAO NORDESTE
909 _a202312
_bLúcia Elande
_c55
_dLúcia Elande
942 _2AGRIS
_n0
_cMS
999 _c270923
_d270923